| 000 | 00845nam a2200241Ia 4500 | ||
|---|---|---|---|
| 005 | 20251020182510.0 | ||
| 008 | 200515s9999 xx 000 0 und d | ||
| 020 | _a968-422-032-4 | ||
| 082 | _a645.80/G81 | ||
| 100 | _aGreene, Richard W. | ||
| 245 | 0 | _aCompresores: Selección, Uso y Mantenimiento | |
| 260 | _aMéxico, D.F. | ||
| 260 | _bMcGraw-Hill | ||
| 260 | _c1992 | ||
| 300 | _a292 p. | ||
| 300 | _bil., tbl., graf., fot., col. | ||
| 490 | _aIngeniería Química | ||
| 500 | _a1 ejemplar | ||
| 520 | _aGuía para el uso de compresores y ventiladores esta concebida para ayudar a eliminar las oscilaciones y otros costosos problemas. También se describe la selección de la máquina adecuada para una aplicación determinada. Es una obra completa que abarca tod | ||
| 650 | _aCOMPRESORES | ||
| 942 | _cLIB | ||
| 999 |
_c1413 _d1413 |
||